00540nam a2200145 a 450000100100000000500170001000800410002702000150006804000250008311100850010824500610019326000810025430000360033570000230037100004377120201002044948.0110614s1998 dr a 000 0 spa d a9945851993 aDO-SdBNPbspacBNPHU2 aConcurso de arte Eduardo León Jimenesd(1998: 26 de nov.cSanto Domingon17: )10aCatálogo de obras 1998 /cCarlos Acero Ruiz...[et.a.]. aSantiago de los Caballeros , República Dominicana :bCentro León,c1998. a62 p. :bil. ; retrs. ;c31 cm.12aAcero Ruiz, Carlos